A people born to slavery (Record no. 4772)
[ view plain ]
| 000 -LEADER | |
|---|---|
| fixed length control field | 01409nam a2200349 a 4500 |
| 082 04 - DEWEY DECIMAL CLASSIFICATION NUMBER | |
| Classification number | 947 |
| 100 1# - MAIN ENTRY--AUTHOR NAME | |
| Personal name | Poe, Marshall. |
| 245 12 - TITLE STATEMENT | |
| Title | A people born to slavery |
| 260 ## - PUBLICATION, DISTRIBUTION, ETC. (IMPRINT) | |
| Place of publication | Ithaca [N.Y.] : |
| Name of publisher | Cornell University Press, |
| Year of publication | 2000. |
| 300 ## - PHYSICAL DESCRIPTION | |
| Number of Pages | xi, 293 p. : |
| Other physical details | ill. |
| 490 1# - SERIES STATEMENT | |
| Series statement | Studies of the Harriman Institute |
| 650 #0 - SUBJECT ADDED ENTRY--TOPICAL TERM | |
| Topical Term | Public opinion |
| 856 40 - ELECTRONIC LOCATION AND ACCESS | |
| Uniform Resource Identifier | http://site.ebrary.com/lib/rucke/Doc?id=10001774 |
No items available.
